The life of Buddha : (Record no. 139719)

MARC details
000 -LEADER
fixed length control field 00542nam a22001817a 4500
005 - DATE AND TIME OF LATEST TRANSACTION
control field 20170511144757.0
010 ## - LCCN (DPL NO)
LC control number 738935
035 ## - SYSTEM CONTROL NUMBER
System control number 738935
037 ## - SOURCE OF ACQUISITION
Source of stock number/acquisition Dpl/CL
082 ## - DEWEY DECIMAL CLASSIFICATION NUMBER
Classification number 230.33
100 ## - MAIN ENTRY--PERSONAL NAME
Personal name Lillie,Arthur
245 ## - TITLE STATEMENT
Title The life of Buddha :
Remainder of title containing an answer to the "hibbert Lectures"of 1881 /
Statement of responsibility, etc by Arthur Lillie
260 ## - PUBLICATION, DISTRIBUTION, ETC. (IMPRINT)
Place of publication, distribution, etc Delhi
Name of publisher, distributor, etc Seema Publications
Date of publication, distribution, etc 1974
270 ## - ADDRESS
Address C-3/19, R.P. Bagh
City Delhi
Postal code 110007
300 ## - PHYSICAL DESCRIPTION
Extent xiv,340p.
Dimensions 22cm(Hb)
500 ## - GENERAL NOTE
General note Includes index
942 ## - ADDED ENTRY ELEMENTS (KOHA)
Source of classification or shelving scheme Dewey Decimal Classification
Item type English Books
Classification part 250.33
Call number suffix LIL
Holdings
Withdrawn status Lost status Not for loan Collection code Home library Current library Date acquired Full call number Barcode Copy number Koha item type
      Non-fiction Central Library Central Library 11/05/2017 250.33 LIL 738935 1 English Books

© Delhi Public Library
Hit Counter
free hit counter